[Event "I Memorial Corrado Bitti B"]
[Site "Cagliari ITA"]
[Date "2001.04.01"]
[Round "7"]
[White "Abis, Josto"]
[Black "Deruda, Leonardo"]
[Result "0-1"]
[WhiteElo "1512"]
[BlackElo "1669"]
[PlyCount "112"]
[EventDate "2001.03.17"]

1. c4 g6 2. d4 Bg7 3. Nc3 d6 4. e3 Nf6 5. Nf3 Nbd7 6. Be2 O-O 7. O-O e5 8. dxe5
dxe5 9. e4 c6 10. Qc2 Qe7 11. Bg5 h6 12. Bxf6 Nxf6 13. Rad1 Bg4 14. h3 Bxf3 15.
Bxf3 Rfd8 16. b3 Rxd1 17. Rxd1 Rd8 18. Ne2 Rd7 19. Ng3 Qd8 20. a4 Rxd1+ 21.
Qxd1 Qxd1+ 22. Bxd1 a5 23. f3 Bf8 24. Kf1 Bb4 25. Kf2 Nd7 26. Ne2 Kg7 27. Nc1
Bc3 28. Nd3 Bd4+ 29. Kf1 Nc5 30. Nxc5 Bxc5 31. g3 h5 32. Kg2 f6 33. g4 h4 34.
Be2 Kh6 35. Bd3 Kg5 36. Be2 Kf4 37. Bd1 Ke3 38. Kf1 Kd2 39. Be2 Kc2 40. Ke1
Kxb3 41. Kd2 Kxa4 42. Kc2 Kb4 43. Bd3 g5 44. Kb2 Bd4+ 45. Kc2 a4 46. Be2 a3 47.
Kb1 b6 48. Ka2 Bb2 49. Bd3 Kc3 50. Bf1 Kd2 51. c5 bxc5 52. Bc4 Ke3 53. Be6 Kxf3
54. Bd7 Kg3 55. Kb1 Kxh3 56. Be6 Kg2 0-1

[Event "I Memorial Corrado Bitti B"]
[Site "Cagliari ITA"]
[Date "2001.04.01"]
[Round "7"]
[White "Caddeo, Narciso"]
[Black "Putzolu, Marcello"]
[Result "1-0"]
[WhiteElo "1546"]
[BlackElo "1615"]
[PlyCount "102"]
[EventDate "2001.03.17"]

1. e4 e5 2. Nf3 Nc6 3. Bb5 Nf6 4. O-O a6 5. Bxc6 dxc6 6. Nxe5 Bc5 7. Nf3 Bg4 8.
d3 h6 9. b3 O-O 10. Ba3 Bxa3 11. Nxa3 Nd7 12. Nc4 b5 13. Ne3 Bh5 14. g4 Bg6 15.
h3 Qf6 16. Nh2 Ne5 17. f4 Nd7 18. Qf3 Qc3 19. f5 Ne5 20. Qe2 Bh7 21. Nf3 Nxf3+
22. Qxf3 f6 23. Qg3 Rfc8 24. Qe1 Qb2 25. Qb4 a5 26. Qc5 Ra6 27. Rfb1 Qe5 28.
Qxe5 fxe5 29. c4 b4 30. h4 Kf7 31. h5 Kf6 32. Kf2 Bg8 33. a3 Rca8 34. axb4 axb4
35. Rxa6 Rxa6 36. Kg3 Ke7 37. Nc2 Ra2 38. Nxb4 Rd2 39. c5 Kd7 40. Rf1 Bxb3 41.
f6 gxf6 42. Rxf6 Be6 43. Rxh6 Rd1 44. Rh7+ Kc8 45. Nxc6 Rg1+ 46. Kf2 Rxg4 47.
Nxe5 Rh4 48. c6 Kb8 49. h6 Bb3 50. Rh8+ Ka7 51. h7 Kb6 1-0

[Event "I Memorial Corrado Bitti B"]
[Site "Cagliari ITA"]
[Date "2001.04.01"]
[Round "7"]
[White "Casti, Alessio"]
[Black "Contu, Gianni"]
[Result "1/2-1/2"]
[WhiteElo "1675"]
[BlackElo "1603"]
[PlyCount "51"]
[EventDate "2001.03.17"]

1. e4 c6 2. d4 d5 3. Nc3 g6 4. h3 Bg7 5. Nf3 e6 6. e5 Nd7 7. Bd3 a6 8. Ne2 c5
9. c3 Qc7 10. O-O Ne7 11. Bg5 Nc6 12. Qd2 h6 13. Be3 b6 14. Nf4 Ne7 15. Rac1
Bb7 16. Qe2 b5 17. Rfe1 c4 18. Bc2 a5 19. Nh4 Nf8 20. b3 g5 21. Nh5 Bxe5 22.
dxe5 gxh4 23. Nf6+ Kd8 24. Bd4 Nc6 25. Bc5 Ne7 26. Bd6 1/2-1/2

[Event "I Memorial Corrado Bitti B"]
[Site "Cagliari ITA"]
[Date "2001.04.01"]
[Round "7"]
[White "Favini, Giovanni"]
[Black "Pili, Erika"]
[Result "0-1"]
[WhiteElo "1588"]
[BlackElo "1606"]
[PlyCount "58"]
[EventDate "2001.03.17"]

1. d4 d5 2. e3 Nf6 3. c4 c6 4. Nf3 Bf5 5. Be2 e6 6. Bd2 Bd6 7. Nc3 Nbd7 8. O-O
O-O 9. Qb3 Qc7 10. c5 Be7 11. Rac1 Rab8 12. Qd1 e5 13. dxe5 Nxe5 14. Nxe5 Qxe5
15. b4 Rfd8 16. Bf3 d4 17. exd4 Qxd4 18. Nb1 Bxb1 19. Rxb1 Qxd2 20. Qb3 Qg5 21.
Rfe1 Rd7 22. g3 Rbd8 23. b5 cxb5 24. Qxb5 Qxc5 25. Bxb7 Rd2 26. Qxc5 Bxc5 27.
Kh1 Rxf2 28. Red1 Rxd1+ 29. Rxd1 g6 0-1

[Event "I Memorial Corrado Bitti B"]
[Site "Cagliari ITA"]
[Date "2001.04.01"]
[Round "7"]
[White "Lai, Luca"]
[Black "Abis, Mariano"]
[Result "0-1"]
[WhiteElo "1542"]
[BlackElo "1500"]
[PlyCount "62"]
[EventDate "2001.03.17"]

1. e4 c6 2. d4 d5 3. e5 e6 4. f4 Nh6 5. Nf3 Be7 6. Bd3 b6 7. O-O Ba6 8. Bxa6
Nxa6 9. h3 O-O 10. Ng5 c5 11. c3 Bxg5 12. fxg5 Nf5 13. Na3 Nc7 14. Nc2 Qd7 15.
Qf3 cxd4 16. Nxd4 Nxd4 17. cxd4 Rac8 18. Be3 Nb5 19. Qg4 Rc2 20. Rf2 Rxf2 21.
Bxf2 Qc6 22. Rf1 Qc2 23. Be3 Qxb2 24. Rf4 Qxa2 25. Qh5 Qb1+ 26. Kh2 a5 27. h4
a4 28. Qf3 a3 29. h5 a2 30. g6 hxg6 31. hxg6 Qxg6 0-1

[Event "I Memorial Corrado Bitti B"]
[Site "Cagliari ITA"]
[Date "2001.04.01"]
[Round "7"]
[White "Loi, Francesco"]
[Black "Sitzia, Carlo"]
[Result "1-0"]
[WhiteElo "1395"]
[BlackElo "1482"]
[PlyCount "163"]
[EventDate "2001.03.17"]

1. d4 Nf6 2. c4 e6 3. Nf3 d5 4. e3 Nc6 5. Be2 Be7 6. Qc2 Nb4 7. Qc3 Ne4 8. Qb3
c5 9. O-O Qc7 10. Nbd2 Nxd2 11. Bxd2 a5 12. a3 a4 13. Qc3 Na6 14. Rac1 cxd4 15.
exd4 Bf6 16. Qe3 Qd7 17. cxd5 Qxd5 18. Bc4 Qd6 19. Bc3 O-O 20. Rcd1 Re8 21.
Rfe1 Bd7 22. Qd2 Nc7 23. Bb4 Qb6 24. Ne5 Bxe5 25. dxe5 Bb5 26. Bxb5 Nxb5 27.
Qf4 Nc7 28. Rd7 Rf8 29. Bxf8 Rxf8 30. Rc1 Nd5 31. Qd2 Qb5 32. Rd6 Nb6 33. Qc3
h6 34. h3 Re8 35. Qf3 Nc4 36. Rd4 Nxe5 37. Qd1 Nc6 38. Rxa4 Qxb2 39. Rb1 Qe5
40. Rxb7 Rd8 41. Qc1 Kh8 42. Rxf7 Qh5 43. Raf4 Rd1+ 44. Qxd1 Qxd1+ 45. Kh2 Qd6
46. a4 e5 47. Re4 Kg8 48. Rb7 Nd8 49. Rb5 Nc6 50. Rb6 Qd5 51. f3 h5 52. Rb5 Qe6
53. a5 h4 54. Rxh4 Nd4 55. Rb6 Qe7 56. a6 Qa7 57. Rd6 Nxf3+ 58. gxf3 Qf2+ 59.
Kh1 Qxf3+ 60. Kg1 Qa3 61. Re6 Qg3+ 62. Kf1 Qxh4 63. Kg2 Qd8 64. Kh2 Qb8 65. Re7
e4+ 66. Kg2 Qa8 67. a7 e3+ 68. Kg3 Kf8 69. Rc7 e2 70. Kf2 Qe8 71. Ke1 Qa8 72.
Kxe2 Qg2+ 73. Kd1 Qd5+ 74. Kc2 Qa8 75. Kb3 Ke8 76. Rxg7 Kf8 77. Rc7 Kg8 78. h4
Kh8 79. h5 Qf8 80. h6 Qe8 81. Rb7 Qa8 82. Rb8+ 1-0

[Event "I Memorial Corrado Bitti B"]
[Site "Cagliari ITA"]
[Date "2001.04.01"]
[Round "7"]
[White "Mascia, Giancarlo"]
[Black "Collu, Giuseppe"]
[Result "1/2-1/2"]
[WhiteElo "1356"]
[BlackElo "1503"]
[PlyCount "90"]
[EventDate "2001.03.17"]

1. d4 Nf6 2. c4 g6 3. Nc3 Bg7 4. e4 d6 5. Nf3 O-O 6. Be2 Ng4 7. h3 Nh6 8. Be3
f5 9. Qd2 Nf7 10. Bd3 fxe4 11. Nxe4 e5 12. d5 Nd7 13. O-O Nf6 14. b3 c6 15.
dxc6 bxc6 16. Rfd1 d5 17. Nxf6+ Bxf6 18. cxd5 e4 19. Bxe4 Bxa1 20. Rxa1 Qe8 21.
Qd3 Nd6 22. Nd2 Nxe4 23. Nxe4 Bf5 24. f3 Rd8 25. d6 Qe5 26. Rd1 Rf7 27. Qd4
Qxd4 28. Rxd4 Bxe4 29. fxe4 a6 30. e5 Rfd7 31. Rb4 Re8 32. Bf4 Kf7 33. Rb6 Rc8
34. Rxa6 Ke6 35. Ra4 Kd5 36. Rc4 Ra8 37. Rc2 Rda7 38. a4 Rb7 39. Rd2+ Ke6 40.
Rc2 Kd7 41. Rc3 Rab8 42. e6+ Kxe6 43. Rxc6 Kd7 44. Rc3 Rc8 45. Re3 Re8 1/2-1/2

[Event "I Memorial Corrado Bitti B"]
[Site "Cagliari ITA"]
[Date "2001.04.01"]
[Round "7"]
[White "Mulas, Gianmarco"]
[Black "Ponti, Mario"]
[Result "1-0"]
[WhiteElo "1600"]
[BlackElo "1582"]
[PlyCount "103"]
[EventDate "2001.03.17"]

1. c4 e5 2. e3 Nc6 3. Qc2 d6 4. Nc3 Nf6 5. Nf3 g6 6. Be2 Bg7 7. a3 O-O 8. d3
Re8 9. O-O Ne7 10. b4 c6 11. Bb2 Qc7 12. Rac1 d5 13. cxd5 cxd5 14. Nb5 Qxc2 15.
Rxc2 Bd7 16. Nd6 Ba4 17. Nxe8 Bxc2 18. Nxg7 Kxg7 19. Rc1 Bxd3 20. Bxd3 e4 21.
Be2 exf3 22. Bxf3 b6 23. Rc7 Neg8 24. Bxd5 Rd8 25. Rxf7+ Kh6 26. Bf3 Kg5 27.
h4+ Kf5 28. Rxa7 Nd7 29. Bd4 Ngf6 30. Rb7 Ne5 31. Bxe5 Kxe5 32. Rxb6 Nd7 33.
Rb5+ Kd6 34. Rd5+ Kc7 35. Bg4 Nf6 36. Rxd8 Kxd8 37. Bf3 Kc7 38. Kf1 Kb6 39. a4
Ne8 40. Ke1 Nd6 41. Bd5 h6 42. Kd2 Ne8 43. Bf7 Nd6 44. Bxg6 Nc4+ 45. Kc3 Ne5
46. Bf5 Nf7 47. a5+ Kb7 48. g4 Ka6 49. Be6 Ne5 50. f4 Ng6 51. h5 Nh4 52. Bd5
1-0

[Event "I Memorial Corrado Bitti B"]
[Site "Cagliari ITA"]
[Date "2001.04.01"]
[Round "7"]
[White "Scarteddu, Marco"]
[Black "Boi, Giuseppe"]
[Result "1/2-1/2"]
[WhiteElo "1615"]
[BlackElo "1509"]
[PlyCount "117"]
[EventDate "2001.03.17"]

1. d4 d5 2. Nf3 Nf6 3. c4 c6 4. Nc3 e6 5. e3 Bd6 6. Bd3 Nbd7 7. O-O O-O 8. Re1
Re8 9. e4 dxe4 10. Nxe4 Nxe4 11. Bxe4 Nf6 12. Bd3 Qc7 13. c5 Bf4 14. Bxf4 Qxf4
15. Qc1 Qxc1 16. Raxc1 Nd5 17. a3 Nc7 18. Rcd1 Rd8 19. Bc4 Bd7 20. Ng5 Ne8 21.
Ne4 Rab8 22. Nc3 Nf6 23. f3 Ne8 24. b4 Nc7 25. Kf2 Ra8 26. a4 a6 27. a5 Re8 28.
Ne4 Rab8 29. Nd6 Red8 30. h4 h6 31. g4 Ne8 32. Ne4 g6 33. g5 h5 34. Nf6+ Kg7
35. Ne4 Kg8 36. Kg3 Ng7 37. Nd6 Bc8 38. Bd3 Bd7 39. Be4 Bc8 40. Kf4 Kf8 41. Ke5
Ke7 42. Rd3 Ne8 43. Nc4 Nc7 44. Ne3 Rf8 45. Red1 Bd7 46. Kf4 f5 47. gxf6+ Rxf6+
48. Kg3 Rg8 49. Rg1 Bc8 50. Kf2 Kf7 51. Nc4 Kg7 52. Ne5 Kh6 53. Rg5 Nd5 54.
Bxd5 exd5 55. Kg3 Rgf8 56. Re3 Rg8 57. f4 Rgf8 58. Rf3 Rg8 59. Kf2 1/2-1/2

[Event "I Memorial Corrado Bitti B"]
[Site "Cagliari ITA"]
[Date "2001.04.01"]
[Round "7"]
[White "Trincas, Claudio"]
[Black "Cirina, Gianluca"]
[Result "1/2-1/2"]
[WhiteElo "1603"]
[BlackElo "1690"]
[PlyCount "84"]
[EventDate "2001.03.17"]

1. c4 Nf6 2. Nc3 e5 3. e3 g6 4. d4 Qe7 5. dxe5 Qxe5 6. Nf3 Qe7 7. Be2 Bg7 8.
Qc2 d6 9. Bd2 Nc6 10. a3 Bf5 11. Bd3 Bg4 12. Be2 O-O 13. O-O Rfe8 14. Rac1 Qd7
15. Rfe1 Ne5 16. Nxe5 dxe5 17. f3 Be6 18. Rcd1 c6 19. Bc1 Qe7 20. Bf1 Nh5 21.
b3 f5 22. e4 f4 23. b4 g5 24. Be2 Nf6 25. c5 g4 26. Rd6 Bf8 27. Nd1 Qf7 28.
Rxe6 Rxe6 29. Bc4 Kh8 30. Qb3 Rae8 31. Bxe6 Qxe6 32. Qxe6 Rxe6 33. Re2 gxf3 34.
gxf3 Re7 35. Rd2 Rd7 36. Rxd7 Nxd7 37. Bb2 Kg7 38. Nf2 Kf7 39. Nd3 Ke6 40. Kf2
Be7 41. Ke2 Bf6 42. Bc3 Kf7 1/2-1/2

[Event "V Torneo Amatori Catania B"]
[Site "Nicolosi ITA"]
[Date "2001.02.??"]
[Round "3"]
[White "Rosolia, Giuseppe"]
[Black "La Rosa, Sebastiano"]
[Result "0-1"]
[WhiteElo "1660"]
[BlackElo "1503"]
[PlyCount "64"]
[EventDate "2001.02.04"]

1. d4 d5 2. Nf3 Nf6 3. c4 c6 4. cxd5 cxd5 5. Bf4 Nc6 6. e3 Nh5 7. Bb5 Nxf4 8.
Bxc6+ bxc6 9. exf4 Ba6 10. Ne5 Qd6 11. Nc3 Rb8 12. Qa4 Rb6 13. f5 f6 14. Nf3 e6
15. O-O-O Be7 16. fxe6 Qxe6 17. Rhe1 Qd7 18. Qa3 Kf7 19. Qa4 Rhb8 20. Rd2 Bb4
21. Qc2 Kg8 22. g3 Bc4 23. Nh4 Qb7 24. Nf5 g6 25. Nh4 Bf8 26. b3 Ba3+ 27. Kd1
Rxb3 28. Nxg6 Rb1+ 29. Nxb1 Qxb1+ 30. Qxb1 Rxb1+ 31. Kc2 Rxe1 32. Nf4 Rc1# 0-1

[Event "VII Weekend B"]
[Site "Ivrea ITA"]
[Date "2001.03.17"]
[Round "1"]
[White "Berutti, Mario"]
[Black "Plenzick, Angelo"]
[Result "1-0"]
[WhiteElo "1849"]
[BlackElo "1498"]
[PlyCount "37"]
[EventDate "2001.03.17"]

1. d4 f5 2. e4 fxe4 3. Nc3 Nf6 4. f3 exf3 5. Nxf3 e6 6. Bd3 Be7 7. O-O O-O 8.
Qe1 Qe8 9. Qg3 d6 10. Bg5 g6 11. Bh6 Nh5 12. Qe1 Rf7 13. Qd2 Bf8 14. Nh4 Rxf1+
15. Rxf1 Bxh6 16. Qxh6 Nd7 17. Nxg6 Ndf6 18. Ne4 Nxe4 19. Rf8+ 1-0

[Event "VII Weekend B"]
[Site "Ivrea ITA"]
[Date "2001.03.17"]
[Round "1"]
[White "Bogatto, Mario"]
[Black "Barcellona, Antonino"]
[Result "1-0"]
[WhiteElo "1281"]
[BlackElo "1482"]
[PlyCount "89"]
[EventDate "2001.03.17"]

1. d4 Nf6 2. c4 e6 3. Nc3 d5 4. e3 Bb4 5. Bd2 O-O 6. a3 Ba5 7. b4 Bxb4 8. axb4
dxc4 9. Bxc4 Nc6 10. b5 Nb4 11. Qb3 a5 12. Na4 Nbd5 13. Bxd5 Nxd5 14. Nc3 Nf6
15. Nge2 b6 16. O-O Bb7 17. f3 Re8 18. Qc2 e5 19. dxe5 Rxe5 20. e4 Re6 21. Rfd1
Qe7 22. Be3 Nd7 23. Nd4 Rg6 24. Nf5 Qe6 25. Nd5 Ne5 26. Nde7+ Kh8 27. Nxg6+
Qxg6 28. Qf2 h6 29. Bd4 Re8 30. Bxe5 Rxe5 31. Qg3 Qf6 32. Nd4 Rg5 33. Qf2 Bc8
34. Kh1 Bd7 35. Rab1 Re5 36. Rd2 Qg5 37. f4 Qg6 38. fxe5 Qxe4 39. Re1 Qd5 40.
Nf5 Qxb5 41. Nxg7 Kxg7 42. Qf6+ Kg8 43. Rf1 Be6 44. Rd8+ Kh7 45. Rh8# 1-0

[Event "VII Weekend B"]
[Site "Ivrea ITA"]
[Date "2001.03.17"]
[Round "1"]
[White "Castaldo, Antonio"]
[Black "Barbero, Marco"]
[Result "1/2-1/2"]
[WhiteElo "1431"]
[BlackElo "1665"]
[PlyCount "62"]
[EventDate "2001.03.17"]

1. e4 e5 2. Nf3 Nc6 3. d3 Nf6 4. g3 Bc5 5. Bg2 d6 6. O-O h6 7. Nbd2 Bg4 8. c3
Qd7 9. Re1 O-O 10. b4 Bb6 11. Nc4 Be6 12. Nxb6 axb6 13. a3 Bh3 14. Bh1 Ne7 15.
Bd2 Qa4 16. Qc1 Kh7 17. Bg5 Nfg8 18. Bxe7 Nxe7 19. Qd1 Qxd1 20. Rexd1 f5 21.
Nd2 f4 22. f3 Be6 23. Bg2 Bd7 24. d4 Be6 25. Bf1 fxg3 26. hxg3 Ng6 27. Kg2 h5
28. Bc4 Bxc4 29. Nxc4 Rfe8 30. Ne3 Ne7 31. Rh1 Kg6 1/2-1/2

[Event "VII Weekend B"]
[Site "Ivrea ITA"]
[Date "2001.03.17"]
[Round "1"]
[White "D'Ingiullo, Giovanni"]
[Black "Cassinera, Marco"]
[Result "1-0"]
[WhiteElo "1531"]
[BlackElo "1345"]
[PlyCount "127"]
[EventDate "2001.03.17"]

1. g3 c5 2. Bg2 e6 3. b3 Nf6 4. Bb2 a6 5. d3 Nc6 6. e3 Rb8 7. Nf3 b5 8. Nbd2
Bb7 9. O-O d6 10. Ne4 Be7 11. Nxf6+ Bxf6 12. c3 Qe7 13. d4 cxd4 14. exd4 d5 15.
Qc1 a5 16. Re1 Qd7 17. Ba3 Rc8 18. Qf4 Be7 19. Bxe7 Nxe7 20. Ne5 Ng6 21. Nxg6
hxg6 22. Qe5 Rh7 23. Bxd5 Qxd5 24. Qxd5 Bxd5 25. Re3 Ke7 26. Rae1 g5 27. Re5
Rd8 28. Rxg5 Rxh2 29. Rxd5 Rdh8 30. Rde5 Rh1+ 31. Kg2 Rxe1 32. Rxe1 Rc8 33. Re3
Rc7 34. Kf3 g6 35. Ke4 Kd6 36. Kd3 Rc8 37. Re5 Rb8 38. g4 f6 39. Re3 Rh8 40. c4
bxc4+ 41. bxc4 Rb8 42. Kc3 g5 43. Rf3 Ke7 44. c5 a4 45. Rh3 Kd7 46. Rh7+ Kc6
47. Rf7 a3 48. Rxf6 Kd5 49. f4 gxf4 50. Rxf4 Rb2 51. Rf1 Rxa2 52. Re1 Rg2 53.
Re5+ Kc6 54. Rxe6+ Kd5 55. Rd6+ Ke4 56. Ra6 a2 57. c6 Rxg4 58. Rxa2 Rg7 59. Kc4
Rc7 60. Re2+ Kf3 61. Re6 Kf4 62. Kc5 Kf5 63. d5 Ra7 64. Kd6 1-0

[Event "VII Weekend B"]
[Site "Ivrea ITA"]
[Date "2001.03.17"]
[Round "1"]
[White "Giachino, Adriano"]
[Black "Moschetto, Giuliano"]
[Result "1-0"]
[WhiteElo "1455"]
[BlackElo "1449"]
[PlyCount "55"]
[EventDate "2001.03.17"]

1. e4 e5 2. Nf3 Nf6 3. d4 d6 4. Bc4 Bg4 5. dxe5 Nxe4 6. Qd5 Be6 7. Qxe4 d5 8.
Qe3 dxc4 9. O-O Be7 10. Nc3 c6 11. Ne4 h6 12. Bd2 Bd5 13. Rad1 Bxe4 14. Qxe4 b5
15. e6 Bf6 16. Bb4 Qc8 17. e7 Nd7 18. Rd6 c5 19. Bc3 Bxc3 20. bxc3 Rb8 21. Rfd1
Qb7 22. Qg4 Ne5 23. Nxe5 g6 24. Nxf7 Kxf7 25. Qe6+ Ke8 26. Qxg6+ Kxe7 27. Re1+
Kf8 28. Rf6+ 1-0

[Event "VII Weekend B"]
[Site "Ivrea ITA"]
[Date "2001.03.17"]
[Round "1"]
[White "Marguati, Massimiano"]
[Black "Fassio, Francesco"]
[Result "1-0"]
[WhiteElo "1575"]
[BlackElo "1512"]
[PlyCount "152"]
[EventDate "2001.03.17"]

1. d4 d5 2. c4 e6 3. Nc3 Nf6 4. cxd5 exd5 5. Bg5 Be7 6. e3 O-O 7. Bd3 Re8 8.
Nge2 h6 9. Bh4 Ne4 10. Bxe7 Rxe7 11. Qc2 Nxc3 12. Nxc3 c6 13. Rd1 Bg4 14. Ne2
Nd7 15. O-O Bxe2 16. Bxe2 Nf6 17. Bd3 Qd6 18. Qe2 Rae8 19. a3 a5 20. Qd2 Ng4
21. g3 b6 22. Rfe1 Qd7 23. Qc2 Nf6 24. Rc1 Qh3 25. Bf1 Qh5 26. Qxc6 Re6 27. Qc2
Ne4 28. Qe2 Qf5 29. Bg2 Rf6 30. Rf1 Ng5 31. g4 Qd7 32. h4 Ne6 33. Qd2 Nc7 34.
f3 Rd6 35. Qf2 f5 36. gxf5 Rf8 37. Kh2 Ne8 38. Bh3 Nf6 39. Rg1 Qe7 40. Qg3 Nh5
41. Qg4 Nf6 42. Qf4 Nh5 43. Qe5 Qd8 44. Rc8 Qf6 45. Qxf6 Nxf6 46. Rc7 Rf7 47.
Rgc1 Rxc7 48. Rxc7 Kh7 49. Bf1 h5 50. Bb5 Kh6 51. Rc6 Ne8 52. Rxd6+ Nxd6 53.
Bd3 Nc4 54. Bxc4 dxc4 55. Kg2 g5 56. fxg6 Kxg6 57. Kf2 Kf5 58. e4+ Kf6 59. e5+
Kf5 60. Ke3 b5 61. f4 b4 62. d5 c3 63. d6 cxb2 64. d7 b1=Q 65. d8=Q Qb3+ 66.
Qd3+ Qxd3+ 67. Kxd3 bxa3 68. Kc3 a2 69. Kb2 a1=Q+ 70. Kxa1 Ke6 71. Ka2 Kf5 72.
Ka3 Ke6 73. Ka4 Kf5 74. Kxa5 Ke6 75. Kb6 Kf7 76. Kc7 Ke7 1-0

[Event "VII Weekend B"]
[Site "Ivrea ITA"]
[Date "2001.03.17"]
[Round "1"]
[White "Piazza, Giacomo"]
[Black "Vozza, Nicola"]
[Result "0-1"]
[WhiteElo "1407"]
[BlackElo "1666"]
[PlyCount "90"]
[EventDate "2001.03.17"]

1. b3 e5 2. Bb2 Nc6 3. e3 d5 4. a3 Nf6 5. h3 Bd6 6. d3 O-O 7. Nf3 Re8 8. Be2 h6
9. Nc3 a6 10. e4 d4 11. Na2 Ne7 12. c4 Ng6 13. g3 Qe7 14. b4 c5 15. Qd2 Bd7 16.
h4 b5 17. h5 Nf8 18. Nh4 bxc4 19. dxc4 cxb4 20. c5 Bxc5 21. Nxb4 Nxe4 22. Qc2
Bxb4+ 23. axb4 Qxb4+ 24. Kf1 Nd2+ 25. Kg1 Rac8 26. Qd3 Qxb2 27. Rxa6 e4 28. Qa3
Rc1+ 29. Kg2 Qxa3 30. Rxa3 Rxh1 31. Kxh1 d3 32. Bd1 Bc6 33. Kh2 Ne6 34. Bg4 Ng5
35. Ra6 Ba8 36. Nf5 Ndf3+ 37. Kh1 e3 38. Nxe3 Ne5+ 39. Kh2 Nxg4+ 40. Nxg4 Nf3+
41. Kh3 Bb7 42. Rb6 Bc8 43. Rd6 Ne5 44. f3 Nxf3 45. Rxd3 Bxg4+ 0-1

[Event "VII Weekend B"]
[Site "Ivrea ITA"]
[Date "2001.03.17"]
[Round "1"]
[White "Piazza, Luigi"]
[Black "Pichierri, Giancarlo"]
[Result "0-1"]
[WhiteElo "1338"]
[BlackElo "1419"]
[PlyCount "144"]
[EventDate "2001.03.17"]

1. e4 Nf6 2. d3 e6 3. Nf3 d5 4. Nbd2 Bb4 5. g3 dxe4 6. dxe4 Nxe4 7. c3 Nxd2 8.
Bxd2 Bd6 9. Bg2 Nd7 10. O-O O-O 11. Qc2 Nf6 12. Rad1 e5 13. Rfe1 Re8 14. Qb3
Be6 15. Qc2 Bg4 16. h3 Bh5 17. g4 Bg6 18. Qb3 Rb8 19. Bg5 e4 20. Nh4 Re6 21.
Nxg6 hxg6 22. Bxe4 Qe8 23. Bxf6 Rxe4 24. Rxe4 Qxe4 25. Bh4 a5 26. c4 Bc5 27.
Qc3 f5 28. Re1 Qd4 29. Qxd4 Bxd4 30. b3 fxg4 31. hxg4 Rf8 32. Rd1 c5 33. Kg2
Rf4 34. f3 Bf6 35. Bg3 Rd4 36. Re1 Kf7 37. Re2 a4 38. Bf2 axb3 39. Bxd4 cxd4
40. axb3 Bg5 41. Re1 Be3 42. Rd1 Ke6 43. Kf1 Kd6 44. Ke2 Kc5 45. Kd3 Kb4 46.
Ra1 Kc5 47. Rh1 b5 48. Rh5+ gxh5 49. gxh5 b4 50. Ke4 Bh6 51. f4 d3 52. Kxd3
Bxf4 53. Ke4 Bd2 54. Kf5 Kd4 55. Kg6 Bh6 56. Kf5 Kc3 57. c5 Kxb3 58. c6 Ka2 59.
c7 b3 60. c8=Q b2 61. Qa6+ Kb1 62. Qd3+ Kc1 63. Qc3+ Kb1 64. Ke4 Ka1 65. Qa3+
Kb1 66. Kd3 Kc1 67. Qc3+ Kb1 68. Qe1+ Bc1 69. Qc3 Ka2 70. Qa5+ Kb3 71. Qc3+ Ka2
72. Ke2 b1=Q 0-1

[Event "VII Weekend B"]
[Site "Ivrea ITA"]
[Date "2001.03.17"]
[Round "1"]
[White "Renzini, Lorenzo"]
[Black "Sapone, Luigi"]
[Result "0-1"]
[WhiteElo "1492"]
[BlackElo "1476"]
[PlyCount "76"]
[EventDate "2001.03.17"]

1. c4 Nf6 2. Nc3 c5 3. g3 g6 4. Bg2 Bg7 5. d3 Nc6 6. Rb1 Rb8 7. Nf3 O-O 8. O-O
d6 9. a3 a6 10. Na2 Be6 11. b4 cxb4 12. Nxb4 Qc7 13. Bf4 Bd7 14. c5 e5 15. cxd6
Qxd6 16. Nxc6 exf4 17. Nxb8 Rxb8 18. Ng5 b6 19. Qb3 Be8 20. Rfc1 Qe5 21. Ne4
fxg3 22. hxg3 Ng4 23. Bf3 Qh5 24. Bxg4 Qxg4 25. Nd6 Bd4 26. e3 Bxe3 27. Qa2
Qxg3+ 28. Kf1 Qh3+ 29. Ke2 Bxc1 30. Rxc1 Qg4+ 31. Kf1 Qf4 32. Qb2 Qxd6 33. Re1
Qxd3+ 34. Kg1 Qf5 35. Re3 h5 36. Qc3 Rc8 37. Qe1 Bd7 38. Qd1 Qg4+ 0-1

[Event "VII Weekend B"]
[Site "Ivrea ITA"]
[Date "2001.03.17"]
[Round "1"]
[White "Sorba, Enrico"]
[Black "Matta, Francesca"]
[Result "0-1"]
[WhiteElo "1275"]
[BlackElo "1395"]
[PlyCount "48"]
[EventDate "2001.03.17"]

1. d4 Nf6 2. c4 g6 3. Nc3 Bg7 4. e4 d6 5. Nf3 O-O 6. Be2 c5 7. d5 Bg4 8. O-O
Nfd7 9. Qc2 Ne5 10. Nxe5 Bxe2 11. Nxg6 Bxf1 12. Nxf8 Bxc4 13. Nxh7 Kxh7 14. Bd2
Nd7 15. b3 Ba6 16. Re1 Ne5 17. Re3 Qf8 18. Rh3+ Kg8 19. Qd1 f6 20. Qh5 Qf7 21.
Qh7+ Kf8 22. Nd1 Qg6 23. Qh4 Qg4 24. f3 Nxf3+ 0-1

[Event "VII Weekend B"]
[Site "Ivrea ITA"]
[Date "2001.03.17"]
[Round "1"]
[White "Torriano, Enzo"]
[Black "Tricerri, Pierino"]
[Result "1-0"]
[WhiteElo "1500"]
[BlackElo "1350"]
[PlyCount "59"]
[EventDate "2001.03.17"]

1. e4 c5 2. c3 Nc6 3. d4 d5 4. exd5 Qxd5 5. Nf3 Nf6 6. Be2 g6 7. h3 Bg7 8. Na3
a6 9. O-O b5 10. Be3 c4 11. Re1 O-O 12. b3 Na5 13. bxc4 bxc4 14. Rb1 Ne4 15.
Qc1 Bf5 16. Rb4 Nd6 17. Bh6 Rfb8 18. Bxg7 Kxg7 19. Bf1 Rxb4 20. cxb4 Nc6 21.
Nxc4 Nc8 22. Ne3 Qd7 23. Nxf5+ Qxf5 24. Qxc6 Rb8 25. a3 Nd6 26. Rxe7 Rd8 27.
Qc5 Qb1 28. Qc7 Rc8 29. Qxd6 Rc1 30. Qxa6 1-0

[Event "VII Weekend B"]
[Site "Ivrea ITA"]
[Date "2001.03.18"]
[Round "2"]
[White "Banchio, Davide"]
[Black "Castaldo, Antonio"]
[Result "1-0"]
[WhiteElo "1681"]
[BlackElo "1431"]
[PlyCount "35"]
[EventDate "2001.03.17"]

1. e4 d6 2. d4 Nf6 3. Nc3 g6 4. f4 Bg7 5. Nf3 Bg4 6. Be3 O-O 7. h3 Bxf3 8. Qxf3
Nc6 9. O-O-O Re8 10. e5 Nd7 11. h4 e6 12. h5 Qe7 13. hxg6 fxg6 14. Qh3 Bf8 15.
Bd3 Qf7 16. g4 Ne7 17. f5 exf5 18. e6 1-0

[Event "VII Weekend B"]
[Site "Ivrea ITA"]
[Date "2001.03.18"]
[Round "2"]
[White "Barcellona, Antonino"]
[Black "Fassio, Francesco"]
[Result "0-1"]
[WhiteElo "1482"]
[BlackElo "1512"]
[PlyCount "62"]
[EventDate "2001.03.17"]

1. e4 d5 2. exd5 Nf6 3. Nf3 Nxd5 4. Bc4 Bg4 5. d4 e6 6. O-O Nc6 7. c3 Be7 8.
Qd3 Bf5 9. Qd1 Bg4 10. Nbd2 O-O 11. Bd3 e5 12. Qc2 h6 13. Nxe5 Nxe5 14. dxe5 c6
15. Ne4 Qc7 16. f3 Be6 17. f4 Rad8 18. a3 Qb6+ 19. Kh1 Ne3 20. Bxe3 Qxe3 21.
Rad1 Bg4 22. Rd2 Rd7 23. h3 Bh5 24. Nd6 Bxd6 25. exd6 Rfd8 26. Bc4 Rxd6 27.
Rxd6 Rxd6 28. Qf5 Bg6 29. Qc8+ Kh7 30. Qxb7 Be4 31. Bxf7 Qxh3+ 0-1

[Event "VII Weekend B"]
[Site "Ivrea ITA"]
[Date "2001.03.18"]
[Round "2"]
[White "Caresana, Alessandro"]
[Black "Marguati, Massimiano"]
[Result "1-0"]
[WhiteElo "1848"]
[BlackElo "1575"]
[PlyCount "59"]
[EventDate "2001.03.17"]

1. e4 e6 2. d3 d5 3. Nd2 c5 4. Ngf3 Nc6 5. g3 Nf6 6. Bg2 dxe4 7. dxe4 e5 8. O-O
Be7 9. c3 h6 10. Qe2 O-O 11. Nc4 Qc7 12. a4 Be6 13. Nh4 Ne8 14. Nf5 Nd6 15.
Ncxd6 Bxd6 16. Qg4 Bxf5 17. exf5 Kh8 18. f6 Rg8 19. Qh5 Bf8 20. fxg7+ Rxg7 21.
Be4 f6 22. Qxh6+ Rh7 23. Qxh7+ Qxh7 24. Bxh7 Kxh7 25. Be3 Rd8 26. Rad1 Rxd1 27.
Rxd1 b6 28. Rd7+ Kg6 29. h4 Bh6 30. h5+ 1-0

[Event "VII Weekend B"]
[Site "Ivrea ITA"]
[Date "2001.03.18"]
[Round "2"]
[White "Cassinera, Marco"]
[Black "Barbero, Marco"]
[Result "0-1"]
[WhiteElo "1345"]
[BlackElo "1665"]
[PlyCount "86"]
[EventDate "2001.03.17"]

1. d4 Nf6 2. Bg5 Ne4 3. Nf3 Nxg5 4. Nxg5 e5 5. Ne4 d5 6. Ng3 Nc6 7. e3 exd4 8.
exd4 Bb4+ 9. c3 Qe7+ 10. Be2 Bd6 11. O-O O-O 12. Qd3 Re8 13. Bf3 Be6 14. Nd2
Qg5 15. Rae1 a6 16. Bd1 Qh6 17. Nf3 Ne7 18. Ne5 g6 19. Qf3 Nf5 20. Nxf5 gxf5
21. Qh5 Bf8 22. f4 Bg7 23. Re3 Rad8 24. Rg3 Qf6 25. Qg5 Qxg5 26. Rxg5 f6 27.
Rxg7+ Kxg7 28. Nd3 Re7 29. h4 Bc8 30. Rf3 Kh8 31. h5 h6 32. Rg3 Rg8 33. Rg6
Rxg6 34. hxg6 Kg7 35. Bh5 a5 36. a4 b6 37. b3 Ba6 38. Nf2 Be2 39. Bxe2 Rxe2 40.
Nh1 Rc2 41. Ng3 Kxg6 42. Kh2 Rxc3 43. Ne2 Rxb3 0-1